000 00283pam a2200121 a 4500
020 _c
041 _aeng
100 _aBarbellion,W.N.P.
245 _aThe Journal Of A Disappointed Man
_hTextual Documents
260 _aNew York
_bPenguin Books Ltd
300 _a352p.
930 _a15178
999 _c92078
_d92078